| 000 | 00692nam a2200253 i 4500 | ||
|---|---|---|---|
| 001 | C2-0315834 | ||
| 003 | PPAK | ||
| 005 | 20180728111656.0 | ||
| 008 | 120705s2011 enka|||| ||||| | eng d | ||
| 020 | _a9781405365598 | ||
| 040 |
_aPPAK _beng _cPPAK _erda |
||
| 082 | 0 | 4 |
_a796.522092 _223 |
| 090 | 0 | 0 |
_a796.522092 _bDOU _dR |
| 100 | 1 |
_aDouglas, Ed, _eauthor |
|
| 245 | 1 | 0 | _aMountaineers |
| 264 | 1 |
_aLondon : _bDorling Kindersley , _c2011 |
|
| 300 |
_a360 pages : _bcolour illustrations ; _c30 cm |
||
| 336 |
_2rdacontent _atext |
||
| 337 |
_2rdamedia _aunmediated |
||
| 338 |
_2rdacarrier _avolume |
||
| 650 | 1 | 0 | _aMountaineers. |
| 700 | 1 |
_aWolter, Debra, _eeditor |
|
| 942 |
_ddc _cB |
||
| 999 |
_c116988 _d116988 |
||